| 000 | 00428nam a2200169Ia 4500 | ||
|---|---|---|---|
| 001 | 28785 | ||
| 003 | IN-NITTTR | ||
| 005 | 20251114233355.0 | ||
| 008 | 251113s9999||||xx |||||||||||||| ||eng|| | ||
| 040 | _beng | ||
| 040 | _cIN-NITTTR | ||
| 041 | _aeng | ||
| 082 | _a338.04 K38H | ||
| 100 | _aKennedy, Dan S. | ||
| 245 | 0 |
_aHow to make millions with your ideas : _b an entrepreneurs' guide / _cKennedy, Dan S. |
|
| 942 |
_2ddc _cBK |
||
| 999 |
_c31413 _d31413 |
||